La marchosa (Record no. 125216)

MARC details
000 -LEADER
campo de control de longitud fija 00902nam a2200241 i 4500
001 - NÚMERO DE CONTROL
campo de control 125216
003 - IDENTIFICADOR DE NÚMERO DE CONTROL
campo de control ES-MaACL
005 - FECHA Y HORA DE LA ÚLTIMA TRANSACCIÓN
campo de control 20240524110557.0
007 - CAMPO FIJO DE DESCRIPCIÓN FÍSICA--INFORMACIÓN GENERAL
campo de control de longitud fija t|
008 - DATOS DE LONGITUD FIJA--INFORMACIÓN GENERAL
campo de control de longitud fija 070507s1932 sp ||||1| spa d
100 1# - ENTRADA PRINCIPAL--NOMBRE DE PERSONA
Nombre de persona Carreño, Anselmo C.
9 (RLIN) 35612
245 13 - MENCIÓN DEL TÍTULO
Título La marchosa
Resto del título : comedia de ambiente popular, en tres actos /
Mención de responsabilidad, etc. Carreño y Sepúlveda ; dibujos de Gutiérrez Navas.
260 ## - PUBLICACIÓN, DISTRIBUCIÓN, ETC.
Lugar de publicación, distribución, etc. Madrid :
Nombre del editor, distribuidor, etc. Rivadeneyra,
Fecha de publicación, distribución, etc. 1932.
300 ## - DESCRIPCIÓN FÍSICA
Extensión 61 p. ;
Dimensiones 17 cm.
490 1# - MENCIÓN DE SERIE
Mención de serie La Farsa ;
Designación de volumen o secuencia 231
500 ## - NOTA GENERAL
Nota general Estrenada en el Teatro Lara, de Madrid, el día 15 de enero de 1932.
500 ## - NOTA GENERAL
Nota general Cubierta de este número: Ana María Custodio y Manuel Dicenta, en una escena de La Marchosa.
700 1# - ENTRADA AGREGADA--NOMBRE PERSONAL
Nombre de persona Sepúlveda, Rafael.
9 (RLIN) 105505
700 1# - ENTRADA AGREGADA--NOMBRE PERSONAL
Nombre de persona Gutiérrez Navas, Manuel,
Fechas asociadas al nombre 1890-1971
9 (RLIN) 61196
830 0# - PUNTO DE ACCESO ADICIONAL DE SERIE-TÍTULO UNIFORME
Título uniforme La Farsa ;
Designación de volumen o secuencia 231
9 (RLIN) 185863
852 ## - LOCALIZACIÓN
Ubicación ES-MaACL
Número de control de estantería 2222-F-16
Sublocalización o colección R.140733
Holdings
Estatus retirado Estado de pérdida Estado de daño No para préstamo Colección Biblioteca de origen Biblioteca actual Ubicación en estantería Fecha de adquisición Fuente de adquisición Total de préstamos Signatura topográfica completa Código de barras Visto por última vez Precio de reemplazo Tipo de ítem Koha
        Colección de folletos Biblioteca del Ateneo de Madrid Biblioteca del Ateneo de Madrid Depósito folletos 17/01/2008     2222-F-16 1130450 23/02/2023 23/02/2023 Folleto